[Event "Warsaw AIG Life rapid 7th"]
[Site "Warsaw"]
[Date "2007.12.16"]
[Round "12"]
[White "Nedilko, Vasily"]
[Black "Matviychuk, Andrey"]
[Result "0-1"]
[WhiteElo "2400"]
[BlackElo "2190"]
[PlyCount "58"]
[EventDate "2007.12.15"]
[EventType "swiss (rapid)"]
[EventRounds "13"]
[EventCountry "POL"]
[SourceTitle "CBM 121 Extra"]
[Source "ChessBase"]
[SourceDate "2008.01.10"]
[SourceVersion "1"]
[SourceVersionDate "2008.01.10"]
[SourceQuality "1"]

1. d4 d5 2. c4 e6 3. Nf3 Nf6 4. g3 Be7 5. Bg2 c6 6. 0-0 0-0 7. b3 Nbd7 8. Bb2 b6 9. Nbd2 Ba6 10. Re1 Rc8 11. e4 dxe4 12. Nxe4 Nxe4 13. Rxe4 Nf6 14. Re2 Qc7 15. Qc2 Rfd8 16. Rd1 Bb7 17. Red2 h6 18. c5 Nd5 19. h4 Bf6 20. a3 Ra8 21. cxb6 axb6 22. a4 Ba6 23. Qe4 b5 24. a5 Qxa5 25. Ne5 Bb7 26. Qc2 Qb6 27. h5 Ra2 28. Qc5 Qxc5 29. dxc5 Rxb2 0-1

[Event "UKR Games (Men) 3rd"]
[Site "Evpatoria"]
[Date "2007.05.24"]
[Round "6"]
[White "Nesterets, Anatoliy"]
[Black "Matviychuk, Andrey"]
[Result "1/2-1/2"]
[WhiteElo "2366"]
[BlackElo "2190"]
[PlyCount "76"]
[EventDate "2007.05.21"]
[EventType "team"]
[EventRounds "7"]
[EventCountry "UKR"]
[SourceTitle "CBM 118 Extra"]
[Source "ChessBase"]
[SourceDate "2007.07.04"]
[SourceVersion "1"]
[SourceVersionDate "2007.07.04"]
[SourceQuality "1"]

1. d4 Nf6 2. c4 e6 3. Nf3 d5 4. Nc3 Be7 5. Bg5 Ne4 6. Bxe7 Qxe7 7. Qc2 c5 8. Nxe4 dxe4 9. Qxe4 cxd4 10. Qxd4 0-0 11. e3 Nc6 12. Qc3 e5 13. Be2 Bg4 14. 0-0 Rfe8 15. Rfe1 Rad8 16. Rad1 e4 17. Nd4 Bxe2 18. Nxe2 Ne5 19. Nf4 Qg5 20. Kh1 Ng4 21. Nh3 Qh5 22. Rd4 h6 23. Qd2 Qh4 24. Kg1 Ne5 25. Nf4 Nxc4 26. Qc3 Rxd4 27. Qxd4 Ne5 28. h3 Nc6 29. Qc4 Qg5 30. Rd1 Qe7 31. a3 Rd8 32. Rxd8+ Nxd8 33. Qc8 Kh7 34. Nd5 Qd6 35. Nc3 g6 36. Nxe4 Qd1+ 37. Kh2 Qd3 38. f3 Nc6 1/2-1/2

[Event "UKR Games (Men) 3rd"]
[Site "Evpatoria"]
[Date "2007.05.22"]
[Round "3"]
[White "Matviychuk, Andrey"]
[Black "Khaetsky, Roman"]
[Result "0-1"]
[WhiteElo "2190"]
[BlackElo "2379"]
[PlyCount "56"]
[EventDate "2007.05.21"]
[EventType "team"]
[EventRounds "7"]
[EventCountry "UKR"]
[SourceTitle "CBM 118 Extra"]
[Source "ChessBase"]
[SourceDate "2007.07.04"]
[SourceVersion "1"]
[SourceVersionDate "2007.07.04"]
[SourceQuality "1"]

1. d4 f5 2. e4 fxe4 3. Nc3 Nf6 4. Bg5 Nc6 5. f3 d5 6. Bb5 a6 7. Ba4 b5 8. Bb3 Na5 9. Bxf6 Nxb3 10. Bxg7 Bxg7 11. axb3 0-0 12. Qd2 Bb7 13. 0-0-0 Qd6 14. Kb1 e5 15. fxe4 exd4 16. Nxd5 Rae8 17. Nf3 Rxe4 18. Nb4 Bh6 19. Ng5 Qe7 20. h4 c5 21. Nd3 c4 22. bxc4 bxc4 23. Ne1 c3 24. Qc1 Bd5 25. b3 Rb8 26. Nd3 Bxb3 27. cxb3 Re2 28. b4 Rxb4+ 0-1

[Event "UKR Games (Men) 3rd"]
[Site "Evpatoria"]
[Date "2007.05.22"]
[Round "2"]
[White "Matviychuk, Andrey"]
[Black "Loy, Konstantin"]
[Result "0-1"]
[WhiteElo "2190"]
[BlackElo "1962"]
[PlyCount "58"]
[EventDate "2007.05.21"]
[EventType "team"]
[EventRounds "7"]
[EventCountry "UKR"]
[SourceTitle "CBM 118 Extra"]
[Source "ChessBase"]
[SourceDate "2007.07.04"]
[SourceVersion "1"]
[SourceVersionDate "2007.07.04"]
[SourceQuality "1"]

1. d4 Nf6 2. c4 e6 3. Nc3 d5 4. Bg5 c6 5. Nf3 Nbd7 6. e3 Bd6 7. Be2 0-0 8. 0-0 dxc4 9. Bxc4 e5 10. Ne4 Be7 11. Ng3 exd4 12. exd4 Nb6 13. Bd3 Bg4 14. h3 Bxf3 15. Qxf3 Re8 16. Nf5 Nbd5 17. Rae1 Qd7 18. Re5 Bd6 19. Rxd5 Nxd5 20. Nxg7 Kxg7 21. Qh5 f5 22. g4 Qf7 23. Qh6+ Kh8 24. Qxd6 Re6 25. Qg3 fxg4 26. hxg4 Rg8 27. f4 Re3 28. Rf3 Rxf3 29. Qxf3 Rxg5 0-1

[Event "Rodatychi op"]
[Site "Rodatychi"]
[Date "2006.08.29"]
[Round "4"]
[White "Matviychuk, Andrey"]
[Black "Kucherenko, Daniil"]
[Result "0-1"]
[WhiteElo "2205"]
[BlackElo "2334"]
[PlyCount "72"]
[EventDate "2006.08.27"]
[EventType "swiss"]
[EventRounds "9"]
[EventCountry "UKR"]
[SourceTitle "EXT 2008"]
[Source "ChessBase"]
[SourceDate "2007.11.25"]
[SourceVersion "1"]
[SourceVersionDate "2007.11.25"]
[SourceQuality "1"]

1. d4 f5 2. c4 Nf6 3. Nc3 e6 4. Nf3 Bb4 5. e3 b6 6. Bd3 Bb7 7. 0-0 0-0 8. a3 Bxc3 9. bxc3 c5 10. Qe2 Ne4 11. Bb2 d6 12. Nd2 Qe7 13. a4 Nxd2 14. Qxd2 Nc6 15. f3 Na5 16. Qe2 e5 17. e4 f4 18. g3 g5 19. g4 Kg7 20. Kf2 h5 21. h3 Rh8 22. Rh1 Rh7 23. Rag1 Rah8 24. Qf1 hxg4 25. hxg4 Ba6 26. Rxh7+ Rxh7 27. Rg2 Qe6 28. Ke1 Qe8 29. Bc2 Bxc4 30. Qf2 Qh8 31. Kd2 Rh1 32. Bd3 Bxd3 33. Kxd3 Qc8 34. Rh2 Qa6+ 35. Kc2 Rf1 36. Qg2 cxd4 0-1

[Event "Rodatychi op"]
[Site "Rodatychi"]
[Date "2006.08.28"]
[Round "2"]
[White "Matviychuk, Andrey"]
[Black "Aliavdin, Nikolai"]
[Result "0-1"]
[WhiteElo "2205"]
[BlackElo "2368"]
[PlyCount "104"]
[EventDate "2006.08.27"]
[EventType "swiss"]
[EventRounds "9"]
[EventCountry "UKR"]
[SourceTitle "EXT 2008"]
[Source "ChessBase"]
[SourceDate "2007.11.25"]
[SourceVersion "1"]
[SourceVersionDate "2007.11.25"]
[SourceQuality "1"]

1. d4 Nf6 2. c4 g6 3. Nc3 Bg7 4. e4 d6 5. f4 0-0 6. Nf3 c5 7. d5 e6 8. Be2 exd5 9. exd5 Re8 10. 0-0 Ne4 11. Nxe4 Rxe4 12. Bd3 Re8 13. Qc2 f5 14. Bd2 Na6 15. Rae1 Nb4 16. Bxb4 cxb4 17. Rxe8+ Qxe8 18. Re1 Qd8 19. Qa4 Bd7 20. Qxb4 Qb6+ 21. Qxb6 axb6 22. Re7 Rd8 23. b3 Bf6 24. Re2 h6 25. a4 Kf7 26. g3 Bc8 27. Kf2 g5 28. h4 gxf4 29. gxf4 Rg8 30. Ke3 Rg3 31. Rf2 Bc3 32. Bf1 Rg8 33. Ra2 Re8+ 34. Kd3 Bf6 35. Re2 Rg8 36. Rg2 Rg4 37. Ke3 Bd7 38. h5 Bc3 39. Rxg4 fxg4 40. Nh4 Be1 41. Ng2 Bb4 42. Bd3 Bc5+ 43. Ke2 Kf6 44. Bg6 Bf5 45. Nh4 Bxg6 46. hxg6 h5 47. f5 Bd4 48. Kd3 Be5 49. Ke4 Kg5 50. b4 Kxh4 51. c5 g3 52. cxd6 Bf6 0-1